书目信息 |
| 题名: |
香蕉种质资源图鉴
|
|
| 作者: | 盛鸥 , 易干军 著 | |
| 分册: | ||
| 出版信息: | 广州 广东科技出版社 2022.03 |
|
| 页数: | 211页 | |
| 开本: | 29cm | |
| 丛书名: | ||
| 单 册: | ||
| 中图分类: | S668.102.4-65 , S668.102 | |
| 科图分类: | ||
| 主题词: | 香蕉--xiang jiao--种质资源--图集 | |
| 电子资源: | ||
| ISBN: | 978-7-5359-7771-7 | |
| 000 | 01316nam0 2200289 450 | |
| 001 | 93731 | |
| 005 | 20250819145958.81 | |
| 010 | @a978-7-5359-7771-7@dCNY198.00 | |
| 100 | @a20220418d2022 em y0chiy50 ea | |
| 101 | 0 | @achi@aeng |
| 102 | @aCN@b440000 | |
| 105 | @aa a 000yy | |
| 106 | @ar | |
| 200 | 1 | @a香蕉种质资源图鉴@Axiang jiao zhong zhi zi yuan tu jian@f盛鸥, 易干军著 |
| 210 | @a广州@c广东科技出版社@d2022.03 | |
| 215 | @a211页@c彩图@d29cm | |
| 312 | @a英文题名取自封面 | |
| 320 | @a有书目 (第211页) | |
| 330 | @a香蕉种质资源非常丰富且具有多样性, 所以用处十分广泛。但香蕉种质资源的收集、保存和评价工作是一项长期而艰巨的工作。为了及时总结香蕉种质资源研究成果, 我们组织编写了《香蕉种质资源图鉴》。由于时间仓促, 部分资源缺少特征图片、性状未评价完全, 本书未对资源圃内所有资源进行介绍, 仅就前期积累的部分品种资源进行了整理。全书共收录香蕉品种资源 (含部分育种优系) 133个, 采用以图为主、图文并茂的形式呈现, 重点介绍其特征特性、农艺性状及综合评价, 希望对广大香蕉科技工作者有所帮助。 | |
| 510 | 1 | @aCatalog of selected musa accessions in China@zeng |
| 606 | 0 | @a香蕉@Axiang jiao@x种质资源@j图集 |
| 690 | @aS668.102.4-65@v5 | |
| 690 | @aS668.102@v4 | |
| 701 | 0 | @a盛鸥@Asheng ou@4著 |
| 701 | 0 | @a易干军@Ayi gan jun@4著 |
| 801 | 0 | @aCN@c20250909 |
| 905 | @a河南城建学院图书馆@dS668.102@eS474@f1 | |
| 香蕉种质资源图鉴/盛鸥, 易干军著.-广州:广东科技出版社,2022.03 |
| 211页:彩图;29cm |
| ISBN 978-7-5359-7771-7:CNY198.00 |
| 香蕉种质资源非常丰富且具有多样性, 所以用处十分广泛。但香蕉种质资源的收集、保存和评价工作是一项长期而艰巨的工作。为了及时总结香蕉种质资源研究成果, 我们组织编写了《香蕉种质资源图鉴》。由于时间仓促, 部分资源缺少特征图片、性状未评价完全, 本书未对资源圃内所有资源进行介绍, 仅就前期积累的部分品种资源进行了整理。全书共收录香蕉品种资源 (含部分育种优系) 133个, 采用以图为主、图文并茂的形式呈现, 重点介绍其特征特性、农艺性状及综合评价, 希望对广大香蕉科技工作者有所帮助。 |
| ● |
| 相关链接 |
|
|
|
正题名:香蕉种质资源图鉴
索取号:S668.102/S474
 
预约/预借
| 序号 | 登录号 | 条形码 | 馆藏地/架位号 | 状态 | 备注 |
| 1 | 1627688 | 216276884 | 自科库401/401自科库 97排1列2层/ [索取号:S668.102/S474] | 在馆 |